| 000 | 00534nam a2200181Ia 4500 | ||
|---|---|---|---|
| 999 |
_c14537 _d14537 |
||
| 003 | OSt | ||
| 005 | 20201021104005.0 | ||
| 008 | 190216s9999||||xx |||||||||||||| ||und|| | ||
| 020 | _a9780070610811 | ||
| 040 | _coclc | ||
| 082 |
_a808.51 _bBOO/S |
||
| 100 |
_aBooher, Dianna _96009 |
||
| 245 | 0 |
_aSpeak With Confidence / _cDianna Booher |
|
| 260 |
_bTata McGraw-Hill Publishing Company Limited , _c2005. _aNew Delhi: |
||
| 300 | _a239p | ||
| 650 | _aEnglish | ||
| 942 |
_cBK _2ddc _h808.51 _iBOO/S _k808.51 _mBOO/S |
||